Todo el coreldraw 5.0 en un solo libro /

Guardado en:
Formato: Libro
Publicado: Buenos Aires : Gyr, 1997
Series:Libros para saber
Materias:
Etiquetas: Agregar Etiqueta
Sin Etiquetas, Sea el primero en etiquetar este registro!
LEADER 01047nam a22002295a 4500
001 CEM.cems009690
005 20080722120441.0
008 130507s1997##################000#0#####d
003 CEMS
020 |a 9879008197 
082 0 4 |a 001.6425 
245 0 0 |a Todo el coreldraw 5.0 en un solo libro /  |c Carlos Boqué 
260 |a Buenos Aires :  |b Gyr,  |c 1997 
300 |a 216 p. 
490 0 |a Libros para saber 
500 |a Para Pc Ibm y compatibles 
505 0 |a Conozcamos las herramientas básicas de CorelDraw 5.0 -- Apliquemos filetes y rellenos -- Trabajemos con los nodos -- Diseñemos con CorelDraw -- Trabajemos con la línea -- Utilicemos opciones avanzadas y efectos especiales -- Trabajemos con el texto -- Conozcamos Corel Photo-Paint -- Conozcamos CorelShow -- Conozcamos CorelMosaic -- Conozcamos CorelMove -- Conozcamos CorelTrace -- Conozcamos CorelChart 
653 |a Informática 
653 |a Computación 
653 |a Coreldraw 5.0 
653 |a Windows-aplicaciones 
859 |a CEMS  |b BIB. CEMS - 11 de abril  |h 001.6425  |i G999-7  |p 19924.98  |t Ej.1